00000000nam##2200000za#4500
0019.625500
003CaOODSP
00520241210082332
007ta
008150406|2000||||xxc|||||     f|0| 0 fre|d
020 |a0-662-85342-3
022 |a1192-5434
040 |aCaOODSP|bfre
043 |an-cn---
0861 |aFB3-2/100-22F
1102 |aBanque du Canada.
24514|aUne analyse empirique du lien entre la productivité et le taux de change réel Canada-É.U. / |cpar David Dupuis et David Tessier.
260 |aOttawa - Ontario : |bBanque du Canada |c2000.
300 |aviii, 20p. : |bgraphiques, tableaux ; |c28 cm.
4901 |aDocument de travail|x1192-5434|v2000-22
500 |a«L'écart relatif de productivité entre le Canada et les États-Unis est redevenu ces derniers temps un sujet controversé. Selon certains, une des causes de cet écart relatif serait la dépréciation graduelle qu'enregistre le taux de change depuis plus de 20 ans. Ainsi, la hausse du taux de change rendrait artificiellement les firmes canadiennes plus compétitives, ce qui tendait à diminuer les incitatifs de celles-ci à être plus productives. Notre objectif est d'étudier les liens empiriques entre ces variables afin de voir si cette conjecture se reflète dans les données.»--Résumé.
504 |aBibliographie.
5203 |aL'écart relatif de productivité entre le Canada et les États-Unis est redevenu ces derniers temps un sujet controversé. Selon certains, une des causes de cet écart relatif serait la dépréciation graduelle qu'enregistre le taux de change depuis plus de 20 ans. Ainsi, la hausse du taux de change rendrait artificiellement les firmes canadiennes plus compétitives, ce qui tendait à diminuer les incitatifs de celles-ci à être plus productives. Notre objectif est d'étudier les liens empiriques entre ces variables afin de voir si cette conjecture se reflète dans les données.--Résumé
546 |aAbstracts in English
563 |aCouverture souple
590 |a00-48|b2000-12-01
7201 |aDupuis, David
7201 |aTessier, David
7760#|tUne analyse empirique du lien entre la productivité et le taux de change réel Canada-É-U / |w(CaOODSP)9.602116
830#0|aDocument de travail,|x1192-5434|v2000-22|w(CaOODSP)9.513013